Catálogo
 En Linea

Discurso de José Mármol para su ingreso formal como miembro de número a la Academia Dominicana de la Lengua el 28 de mayo de 2022 ; Discurso de recepción de José Rafael Lantigua, miembro de número, sillón A, en el ingreso de José Mármol como Miembro de Número, sillón N, de la Academia Dominicana de la Lengua. (Registro nro. 52512)

Detalles MARC
000 -CABECERA
campo de control de longitud fija 01541nam a2200313 i 4500
003 - IDENTIFICADOR DEL NÚMERO DE CONTROL
campo de control DO-SdBNP
005 - FECHA Y HORA DE LA ÚLTIMA TRANSACCIÓN
campo de control 20251117113749.0
007 - CAMPO FIJO DE DESCRIPCIÓN FÍSICA--INFORMACIÓN GENERAL
campo de control de longitud fija ta
008 - DATOS DE LONGITUD FIJA--INFORMACIÓN GENERAL
campo de control de longitud fija 221003b2022 dr a|||| |||| 00| 0 spa d
020 ## - NÚMERO INTERNACIONAL ESTÁNDAR DEL LIBRO
Número Internacional Estándar del Libro 9789945934809
040 ## - FUENTE DE LA CATALOGACIÓN
Centro catalogador/agencia de origen DO-SdBNP
Lengua de catalogación spa
Centro/agencia transcriptor BNPHU
Normas de descripción rda
041 ## - CÓDIGO DE LENGUA
Código de lengua del texto/banda sonora o título independiente spa
082 #4 - NÚMERO DE LA CLASIFICACIÓN DECIMAL DEWEY
Número de clasificación RD865.44
Número de documento/Ítem D611
Número de edición 22
100 1# - ENTRADA PRINCIPAL--NOMBRE DE PERSONA
Nombre de persona Mármol, José,
Fechas asociadas al nombre 1960-
9 (RLIN) 6454
245 10 - MENCIÓN DE TÍTULO
Título Discurso de José Mármol para su ingreso formal como miembro de número a la Academia Dominicana de la Lengua el 28 de mayo de 2022 ; Discurso de recepción de José Rafael Lantigua, miembro de número, sillón A, en el <br/>ingreso de José Mármol como Miembro de Número, sillón N, de la Academia Dominicana de la Lengua.
Mención de responsabilidad, etc. José Mármol ; José Rafael Lantigua.
246 01 - FORMA VARIANTE DE TÍTULO
Título propio/Titulo breve Discurso de recepción de José Rafael Lantigua, miembro de número, sillón A, en el ingreso de José Mármol como Miembro de Número, sillón N, de la Academia Dominicana dela Lengua.
264 #1 - PRODUCCIÓN, PUBLICACIÓN, DISTRIBUCIÓN, FABRICACIÓN Y COPYRIGHT
Producción, publicación, distribución, fabricación y copyright Santo Domingo, República Dominicana :
Nombre del de productor, editor, distribuidor, fabricante Academia Dominicana de la Lengua,
Fecha de producción, publicación, distribución, fabricación o copyright 2022.
300 ## - DESCRIPCIÓN FÍSICA
Extensión 53 ; 6 páginas :
Otras características físicas ilustraciones, fotografías ;
Dimensiones 23 cm.
336 ## - TIPO DE CONTENIDO
Término de tipo de contenido texto
Código de tipo de contenido txt
Fuente rdacontent
337 ## - TIPO DE MEDIO
Nombre/término del tipo de medio sin mediación
Código del tipo de medio n
Fuente rdamedia
338 ## - TIPO DE SOPORTE
Nombre/término del tipo de soporte volumen
Código del tipo de soporte nc
Fuente rdacarrier
500 ## - NOTA GENERAL
Nota general Incluye datos biográficos de los autores en las solapas
590 ## - NOTA LOCAL (RLIN)
Nota local Inventariado, 2022/BT
650 #7 - PUNTO DE ACCESO ADICIONAL DE MATERIA--TÉRMINO DE MATERIA
Término de materia o nombre geográfico como elemento de entrada Discursos dominicanos
Fuente del encabezamiento o término LEMB
9 (RLIN) 30689
650 #7 - PUNTO DE ACCESO ADICIONAL DE MATERIA--TÉRMINO DE MATERIA
Término de materia o nombre geográfico como elemento de entrada Literatura dominicana
Fuente del encabezamiento o término LEMB
710 2# - PUNTO DE ACCESO ADICIONAL--NOMBRE DE ENTIDAD CORPORATIVA
Nombre de entidad corporativa o nombre de jurisdicción como elemento de entrada Academia Dominicana de la Lengua
9 (RLIN) 53534
910 ## - DATOS DE OPCIÓN DEL USUARIO (OCLC)
Datos de opción del usuario Btavárez
942 ## - ELEMENTOS DE PUNTO DE ACCESO ADICIONAL (KOHA)
Fuente del sistema de clasificación o colocación Dewey Decimal Classification
Tipo de ítem Koha Libro
Existencias
Estado de retiro Estado de pérdida Fuente del sistema de clasificación o colocación Restricciones de uso No para préstamo Código de colección Localización permanente Ubicación/localización actual Ubicación en estantería Fecha de adquisición Fuente de adquisición Total de préstamos Código de barras Fecha visto por última vez Precio válido a partir de Tipo de ítem Koha Número de copia Signatura topográfica completa
    Dewey Decimal Classification Excluido de préstamo   Patrimonio Dominicano Biblioteca Nacional Pedro Henríquez Ureña Biblioteca Nacional Pedro Henríquez Ureña En catalogación 03.10.2022 Depósito Legal   2022-4164 03.10.2022 03.10.2022 Libro    
    Dewey Decimal Classification Excluido de préstamo   Patrimonio Dominicano Biblioteca Nacional Pedro Henríquez Ureña Biblioteca Nacional Pedro Henríquez Ureña En catalogación 03.10.2022 Depósito Legal   2022-4165 03.10.2022 03.10.2022 Libro e.2  
    Dewey Decimal Classification Préstamo en sala   Dominicana de Servicio Biblioteca Nacional Pedro Henríquez Ureña Biblioteca Nacional Pedro Henríquez Ureña En catalogación 03.10.2022 Depósito Legal   2022-4166 03.10.2022 03.10.2022 Libro e.3  
    Dewey Decimal Classification Préstamo en sala   Dominicana de Servicio Biblioteca Nacional Pedro Henríquez Ureña Biblioteca Nacional Pedro Henríquez Ureña En catalogación 12.01.2023     2023-0079 12.01.2023 12.01.2023 Libro e.4 BNPHU DS D611
    Dewey Decimal Classification Préstamo en sala   Dominicana de Servicio Biblioteca Nacional Pedro Henríquez Ureña Biblioteca Nacional Pedro Henríquez Ureña En catalogación 12.01.2023     2023-0080 12.01.2023 12.01.2023 Libro e.5 BNPHU DS D611

Con tecnología Koha